| 000 | 00543nam a2200169 a 4500 | ||
|---|---|---|---|
| 001 | 000017617 | ||
| 005 | 20200929165154.0 | ||
| 008 | 100329s1977 dr 000 0 spa d | ||
| 040 |
_aDO-SdBNP _bspa _cBNPHU |
||
| 082 |
_axxxx _bR621m |
||
| 100 | 1 |
_aRivera Almodovar, Eusebio _929479 |
|
| 245 | 1 | 0 |
_aMis días de frío / _cEusebio Rivera Almodovar. |
| 260 |
_aSanto Domingo : _b[s.n.], _c1977. |
||
| 300 |
_a117 p. ; _c21 cm. |
||
| 500 | _aAlgunos acontecimientos y relatos de mis 21 meses de actividad como medico en constanza | ||
| 049 | _aBNPD | ||
| 999 |
_c17142 _d17142 |
||